<?xml version="1.0" encoding="UTF-8"?><?xml-stylesheet type="text/xsl" href="static/style.xsl"?><OAI-PMH xmlns="http://www.openarchives.org/OAI/2.0/" xmlns:xsi="http://www.w3.org/2001/XMLSchema-instance" xsi:schemaLocation="http://www.openarchives.org/OAI/2.0/ http://www.openarchives.org/OAI/2.0/OAI-PMH.xsd"><responseDate>2026-04-17T13:58:15Z</responseDate><request verb="GetRecord" identifier="oai:www.recercat.cat:11351/12114" metadataPrefix="marc">https://recercat.cat/oai/request</request><GetRecord><record><header><identifier>oai:recercat.cat:11351/12114</identifier><datestamp>2025-10-24T10:25:58Z</datestamp><setSpec>com_2072_378070</setSpec><setSpec>com_2072_378040</setSpec><setSpec>col_2072_378092</setSpec></header><metadata><record xmlns="http://www.loc.gov/MARC21/slim" xmlns:dcterms="http://purl.org/dc/terms/" xmlns:xsi="http://www.w3.org/2001/XMLSchema-instance" xmlns:doc="http://www.lyncode.com/xoai" xsi:schemaLocation="http://www.loc.gov/MARC21/slim http://www.loc.gov/standards/marcxml/schema/MARC21slim.xsd">
   <leader>00925njm 22002777a 4500</leader>
   <datafield ind2=" " ind1=" " tag="042">
      <subfield code="a">dc</subfield>
   </datafield>
   <datafield ind2=" " ind1=" " tag="720">
      <subfield code="a">Salamanca de la Cueva, Ignacio</subfield>
      <subfield code="e">author</subfield>
   </datafield>
   <datafield ind2=" " ind1=" " tag="720">
      <subfield code="a">Gerber, Jennifer</subfield>
      <subfield code="e">author</subfield>
   </datafield>
   <datafield ind2=" " ind1=" " tag="720">
      <subfield code="a">Hastie, Andrew</subfield>
      <subfield code="e">author</subfield>
   </datafield>
   <datafield ind2=" " ind1=" " tag="720">
      <subfield code="a">Brotons, Carlos</subfield>
      <subfield code="e">author</subfield>
   </datafield>
   <datafield ind2=" " ind1=" " tag="720">
      <subfield code="a">PANZER, Falko</subfield>
      <subfield code="e">author</subfield>
   </datafield>
   <datafield ind2=" " ind1=" " tag="720">
      <subfield code="a">Pirçon, Jean-Yves</subfield>
      <subfield code="e">author</subfield>
   </datafield>
   <datafield ind2=" " ind1=" " tag="720">
      <subfield code="a">Martínez-Gómez, Xavier</subfield>
      <subfield code="e">author</subfield>
   </datafield>
   <datafield ind2=" " ind1=" " tag="260">
      <subfield code="c">2024-10-23T12:29:49Z</subfield>
   </datafield>
   <datafield ind2=" " ind1=" " tag="260">
      <subfield code="c">2024-10-23T12:29:49Z</subfield>
   </datafield>
   <datafield ind2=" " ind1=" " tag="260">
      <subfield code="c">2024-11</subfield>
   </datafield>
   <datafield ind2=" " ind1=" " tag="520">
      <subfield code="a">Safety surveillance; Influenza Vaccine; Influenza season</subfield>
   </datafield>
   <datafield ind2=" " ind1=" " tag="520">
      <subfield code="a">Vigilancia de seguridad; Vacuna antigripal; Gripe estacional</subfield>
   </datafield>
   <datafield ind2=" " ind1=" " tag="520">
      <subfield code="a">Vigilància de seguretat; Vacuna antigripal; Grip estacional</subfield>
   </datafield>
   <datafield ind2=" " ind1=" " tag="520">
      <subfield code="a">Background&#xd;
Seasonal influenza is prevented through annual vaccination, especially in children and older adults. These vaccines are annually updated based on World Health Organization recommendations and require continuous safety monitoring.&#xd;
Objective&#xd;
We assessed the frequency and severity of adverse events within 7 days of administering GSK’s inactivated quadrivalent seasonal influenza vaccine (IIV4) in Belgium, Germany, and Spain during the 2022/2023 influenza season.&#xd;
Methods&#xd;
In this enhanced safety surveillance study, adults who received GSK’s IIV4 and parents/guardians/legally acceptable representatives of vaccinated children (aged 6 months–17 years) were invited to complete adverse drug reaction cards reporting adverse events within 7 days post-vaccination.&#xd;
Results&#xd;
In total, 1332 participants (53.6% female) received at least one dose of GSK’s IIV4, including 43 children who received two doses. Overall, 97.8% of adverse drug reaction cards were completed and returned in the study. All participants in Belgium were adults, while 54.7% and 7.4% in Spain and Germany, respectively, were pediatric participants aged 6 months–17 years. After Dose 1, across all age groups, 49.8% of participants reported at least one adverse event. The most common adverse events (cumulative frequency >5%) following Dose 1 were injection-site pain (37.6%), fatigue (15.0%), headache (13.2%), injection-site swelling (9.3%), myalgia (7.6%), and injection-site erythema (7.4%). Across all countries, adverse events were most common in adults aged 18–65 years (59.7%), followed by those aged 3–17 years (47.0%), >65 years (35.7%), and 6–35 months (23.5%). After Dose 2, 18.6% of participants reported at least one adverse event, with general disorders and administration site conditions again being the most frequent.&#xd;
Conclusions&#xd;
Across all age and risk groups for serious disease, no serious adverse events related to GSK’s IIV4 were reported within 7 days post-vaccination. This study supports and confirms the acceptable safety profile of GSK’s IIV4 across all recommended age groups.</subfield>
   </datafield>
   <datafield ind2=" " ind1=" " tag="520">
      <subfield code="a">GlaxoSmithKline Biologicals S.A funded this study (GlaxoSmithKline [GSK] study identifier: 213829) and was involved in all stages of the study, including analysis of the data. GlaxoSmithKline Biologicals S.A also funded all costs associated with the development and publishing of the manuscript.</subfield>
   </datafield>
   <datafield ind1="8" ind2=" " tag="024">
      <subfield code="a">http://hdl.handle.net/11351/12114</subfield>
   </datafield>
   <datafield tag="653" ind2=" " ind1=" ">
      <subfield code="a">Grip - Vacunació</subfield>
   </datafield>
   <datafield tag="653" ind2=" " ind1=" ">
      <subfield code="a">Vacunes antigripals</subfield>
   </datafield>
   <datafield tag="653" ind2=" " ind1=" ">
      <subfield code="a">Virus de la grip</subfield>
   </datafield>
   <datafield tag="653" ind2=" " ind1=" ">
      <subfield code="a">DISEASES::Virus Diseases::RNA Virus Infections::Orthomyxoviridae Infections::Influenza, Human</subfield>
   </datafield>
   <datafield tag="653" ind2=" " ind1=" ">
      <subfield code="a">Other subheadings::Other subheadings::Other subheadings::/prevention &amp; control</subfield>
   </datafield>
   <datafield tag="653" ind2=" " ind1=" ">
      <subfield code="a">ANALYTICAL, DIAGNOSTIC AND THERAPEUTIC TECHNIQUES, AND EQUIPMENT::Therapeutics::Biological Therapy::Immunomodulation::Immunotherapy::Immunization::Immunotherapy, Active::Vaccination</subfield>
   </datafield>
   <datafield tag="653" ind2=" " ind1=" ">
      <subfield code="a">Other subheadings::Other subheadings::Other subheadings::/adverse effects</subfield>
   </datafield>
   <datafield tag="653" ind2=" " ind1=" ">
      <subfield code="a">CHEMICALS AND DRUGS::Complex Mixtures::Biological Products::Vaccines::Vaccines, Inactivated</subfield>
   </datafield>
   <datafield tag="653" ind2=" " ind1=" ">
      <subfield code="a">ENFERMEDADES::virosis::infecciones por virus ARN::infecciones por Orthomyxoviridae::gripe humana</subfield>
   </datafield>
   <datafield tag="653" ind2=" " ind1=" ">
      <subfield code="a">Otros calificadores::Otros calificadores::Otros calificadores::/prevención &amp; control</subfield>
   </datafield>
   <datafield tag="653" ind2=" " ind1=" ">
      <subfield code="a">TÉCNICAS Y EQUIPOS ANALÍTICOS, DIAGNÓSTICOS Y TERAPÉUTICOS::terapéutica::terapia biológica::inmunomodulación::inmunoterapia::inmunización::inmunoterapia activa::vacunación</subfield>
   </datafield>
   <datafield tag="653" ind2=" " ind1=" ">
      <subfield code="a">Otros calificadores::Otros calificadores::Otros calificadores::/efectos adversos</subfield>
   </datafield>
   <datafield tag="653" ind2=" " ind1=" ">
      <subfield code="a">COMPUESTOS QUÍMICOS Y DROGAS::mezclas complejas::productos biológicos::vacunas::vacunas inactivadas</subfield>
   </datafield>
   <datafield ind2="0" ind1="0" tag="245">
      <subfield code="a">Enhanced Safety Surveillance of GSK’s Inactivated Quadrivalent Seasonal Influenza Vaccine in Belgium, Germany, and Spain During the 2022/2023 Influenza Season</subfield>
   </datafield>
</record></metadata></record></GetRecord></OAI-PMH>